000 00991nas a2200313 i 4500
001 2900
003 ES-MaACL
005 20250814062603.0
007 t|
008 050120c1951 sp | | 0 ||pa d
022 _a0567-560X
080 _a7
080 _a06
245 0 0 _aAcademia
_b: boletín de la Real Academia de Bellas Artes de San Fernando.
260 _aMadrid :
_bReal Academia de Bellas Artes de San Fernando,
_c1951-
300 _a11 v. ;
_c27 cm.
310 _aSemestral
362 0 _aNº 1 (1951)-
650 1 7 _aArte
_2embne
_910068
650 4 _aInstituciones científicas y diversas
_913829
655 7 _2tgfbne
_9226866
_aRevistas
710 2 _aReal Academia de Bellas Artes de San Fernando.
_96291
852 _aES-MaACL
_jHEM-2087
_cHEM
856 _uhttps://dialnet.unirioja.es/servlet/revista?codigo=4
_ySumarios de la revista en Dialnet
866 0 _o1999-2009.
942 _2udc
_cPERIODICA
999 _c2900
_d2900